000 00681nam a2200289Ia 4500
005 20260324124946.0
008 008 260324s9999 xx 000 0 eng d
020 _a9781315586113
037 _aEBOOK
040 _aCRL
040 _beng
040 _cCRL
041 _2eng
041 _aeng
084 _qCRL
100 _aAlan Brine
_91176161
245 0 _aHandbook of Library Training Practice and Development
245 0 _bVolume Three
260 _bTaylor and Francis
260 _c2009
365 _a
365 _b230
856 _uhttp://www.taylorfrancis.com/books/9781315586113
942 _cEBOOK
999 _c1770992
_d1770992